| 000 | 00000nam##2200000za#4500 |
| 001 | 9.609571 |
| 003 | CaOODSP |
| 005 | 20200327114135 |
| 007 | ta |
| 008 | 150406|1991||||xxc||||| f|0| 0 eng|d |
| 022 | |a0706-6457 |
| 040 | |aCaOODSP|beng |
| 043 | |an-cn--- |
| 086 | 1 |aFs97-6/1813E |
| 110 | 1 |aCanada. |bDepartment of Fisheries and Oceans. |
| 245 | 10|aHabitat information and rehabilitation alternatives for restoring spawning habitat of walleye and salmonids in streams / |cby K. A. Hartley and J. R. M. Kelso. |
| 260 | |aOttawa - Ontario : |bFisheries and Oceans Canada |c1991. |
| 300 | |a60p. : |breferences, tables ; |c28 cm. |
| 490 | 1 |aCanadian technical report of fisheries and aquatic sciences|x0706-6457|v1813 |
| 500 | |aPrepared in the Great Lakes Laboratory for Fisheries and Aquatic Sciences, Department of Fisheries and Oceans, Canal Drive, Ship Canal P.O., Sault Ste. Marie, Ontario P6A 1P0. |
| 546 | |aRésumés en français |
| 563 | |aSoftcover |
| 720 | 1 |aHartley, K. A. |
| 720 | 1 |aKelso, J. R. M. |
| 776 | 0#|tHabitat information and rehabilitation alternatives for restoring spawning habitat of walleye and salmonids in streams / |w(CaOODSP)9.573776 |
| 830 | #0|aCanadian technical report of fisheries and aquatic sciences,|x0706-6457|v1813|w(CaOODSP)9.514691 |